| 000 | 00000nam##2200000za#4500 |
| 001 | 9.583392 |
| 003 | CaOODSP |
| 005 | 20210624192558 |
| 007 | cr ||||||||||| |
| 008 | 150406|2009||||xxc|||||o f|0| 0 fre|d |
| 020 | |a978-0-662-06288-2 |
| 022 | |a1915-8858 |
| 040 | |aCaOODSP|bfre |
| 041 | |aeng |
| 041 | |afre |
| 043 | |an-cn--- |
| 086 | 1 |aM116-2/052M12-PDF |
| 110 | 1 |aCanada.|bRessources naturelles Canada. |bCentre d'information topographique. |
| 245 | 10|aSasaginnigak Lake, Manitoba : |h[ressource électronique]|best du méridien principal |
| 250 | |aÉd. 02, version 01 |
| 255 | |aÉchelle 1:50,000 |
| 260 | |aOttawa - Ontario : |bRessources naturelles Canada. |c2009. |
| 300 | |a1p.|bcarte en couleur |
| 490 | 1 |aCartes topographiques du Canada|x1915-8858|v52-M/12 |
| 500 | |aSérie A743. Comprend une légende. |
| 590 | |a10-13|b2010-04-01 |
| 776 | 0#|tSasaginnigak Lake, Manitoba : |w(CaOODSP)9.547220 |
| 791 | |tSasaginnigak Lake, Manitoba : |eeng|w(CaOODSP)9.583391 |
| 830 | #0|aCartes topographiques du Canada,|x1915-8858|v52-M/12|w(CaOODSP)9.500294 |
| 856 | 40|ahttp://publications.gc.ca|qPDF|s3543 Ko|uhttps://publications.gc.ca/collections/collection_2010/nrcan/topo/M116-2-052M12.pdf|y52-M/12 |